| 000 | 01346nam a2200409 i 4500 | ||
|---|---|---|---|
| 001 | 8565 | ||
| 003 | KOSZ 005 | ||
| 005 | 20191015092424.0 | ||
| 008 | 961010s1968 f |000 0 eng d | ||
| 040 |
_cKOSZ 005 _aKOSZ 005 _dKOSZ 005/HR |
||
| 041 |
_aeng _ager _afre _afre _brus |
||
| 046 | _k1968 | ||
| 080 | _a678.7 | ||
| 080 | _a(038)=00 | ||
| 100 | 1 |
_aDavydov, Vladimir N. _eAutor |
|
| 245 | 1 | 0 |
_aHigh polymers = _b Hochpolymere = Hauts polymeres = Vysokopolimery / _cWladimir Dawydoff, Horst Howorka. |
| 246 | 1 | 1 | _aHoch polymere |
| 246 | 1 | 1 | _aHauts polymeres |
| 246 | 1 | 1 | _aVysokopolimery |
| 260 |
_aBerlin : _bVEB Verlag Technik, _c1968. |
||
| 300 |
_a959 stron ; _c24 cm. |
||
| 336 |
_2rdacontent _aTekst _btxt |
||
| 337 |
_2rdamedia _aBez urządzenia pośredniczącego _bn |
||
| 338 |
_2rdacarrier _aWolumin _bnc |
||
| 380 | _aKsiążki | ||
| 385 | _mPublikacje fachowe | ||
| 385 | _mPublikacje informacyjne | ||
| 388 | _a1901-2000 | ||
| 490 | 1 | _aTechnik-Wörterbuch - VT | |
| 650 | 7 | _aPolimery | |
| 655 | 7 | _aSłownik wielojęzyczny | |
| 658 | _aInżynieria i technika | ||
| 700 | 1 |
_aHoworka, Horst _eAutor |
|
| 830 | 0 | _aTechnik-Wörterbuch - Verlag Technik | |
| 856 |
_uhttp://koha.tu.koszalin.pl/cgi-bin/koha/opac-detail.pl?biblionumber=8565 _yKatalog online BPK |
||
| 942 |
_cKS _2UKD |
||
| 999 |
_c8565 _d8565 |
||